好妈妈胜过好老师 / (Record no. 10028)
[ view plain ]
| 000 -LEADER | |
|---|---|
| fixed length control field | 00754nam a22001937a 4500 |
| 001 - CONTROL NUMBER | |
| control field | 10028 |
| 003 - CONTROL NUMBER IDENTIFIER | |
| control field | FISKH |
| 005 - DATE AND TIME OF LATEST TRANSACTION | |
| control field | 20260401101700.0 |
| 008 - FIXED-LENGTH DATA ELEMENTS--GENERAL INFORMATION | |
| fixed length control field | 260331b cb ||||| |||| 00| 0 eng d |
| 020 ## - INTERNATIONAL STANDARD BOOK NUMBER | |
| International Standard Book Number | 9787512212633 |
| 040 ## - CATALOGING SOURCE | |
| Original cataloging agency | FISKH |
| Language of cataloging | chi |
| Transcribing agency | FISKH |
| Modifying agency | FISKH |
| 082 ## - DEWEY DECIMAL CLASSIFICATION NUMBER | |
| Classification number | 649.1 |
| 100 ## - MAIN ENTRY--PERSONAL NAME | |
| Personal name | 杨建峰 |
| 245 ## - TITLE STATEMENT | |
| Title | 好妈妈胜过好老师 / |
| Statement of responsibility, etc. | 杨建峰 |
| 300 ## - PHYSICAL DESCRIPTION | |
| Extent | 182 pages : |
| Other physical details | illustrations ; |
| Dimensions | 21 cm . |
| 520 ## - SUMMARY, ETC. | |
| Summary, etc. | 本书围绕家庭教育展开,强调“好妈妈胜过好老师”的理念。通过生活中的教育实例,讲述父母如何在日常相处中影响孩子,培养良好的习惯与品格。书中提倡尊重孩子、有效沟通和正面引导,帮助孩子健康成长。 |
| 942 ## - ADDED ENTRY ELEMENTS (KOHA) | |
| Source of classification or shelving scheme | Dewey Decimal Classification |
| Koha item type | Chinese Book |
| Suppress in OPAC | No |
| Withdrawn status | Lost status | Source of classification or shelving scheme | Damaged status | Not for loan | Collection | Home library | Current library | Shelving location | Date acquired | Total Checkouts | Full call number | Barcode | Date last seen | Price effective from | Koha item type |
|---|---|---|---|---|---|---|---|---|---|---|---|---|---|---|---|
| Dewey Decimal Classification | Reference | Footprints International School Library Network Toul Tom Poung Campus | Footprints International School Library Network Toul Tom Poung Campus | Librarian's Shelf TTP | 03/31/2026 | 杨建峰 649.1 | 2026-0410 | 03/31/2026 | 03/31/2026 | Books |
